00768nam a2200253 a 4500001001300000003000900013005001700022008004100039020001300080082001600093100002000109245005400129260004200183300000900225500003500234505001000269650002400279650004000303700002000343902000800363942000700371952011900378999001700497nice12345678IN_TiNIC20260116013829.0050524s1997 edia grp 000 0 eng  ac1106.300a231.74bFAC aFackre, Gabriel aDoctrine of Revelationb Narrative Interpretation aEdinburghbEdinburgh Universityc1997 a230p aincludes index and biblioraphy2 aIndex aTheology-Revelation aRevelation-Narrative Interpretation1 aFackre, Gabriel bSRS cBK 001040708StackRoom-aHMIbHMId2009-03-16g1106.30l0o231.74 FACp017473r2009-03-16v1106.30w2005-05-24yBK c12716d12716